000 00577nam a2200181 i 4500
001 188929
003 ES-MaACL
005 20230906223332.0
008 190227q2015 sp |||| | spa d
100 1 _aLluís y Navas, Jaime.
_972976
245 1 0 _aIndicaciones sobre las formas históricas de expansión de moneda /
_cJaime Lluis y Navas.
260 _aBarcelona :
_b[J. Lluis y Navas,
_c2015]
300 _a34 p. ;
_c21 cm.
504 _aBibliografía: p. 30-34.
594 _aDatos tomados de cub.
650 0 4 _aMoneda-
_xHistoria.
_915158
852 _aES-MaACL
_j2338-F-1
999 _c188929
_d188929